Colección legislativa de Estadistica / (Record no. 184948)
[ view plain ]
| 000 -LEADER | |
|---|---|
| campo de control de longitud fija | 00883nam a2200181 i 4500 |
| 001 - NÚMERO DE CONTROL | |
| campo de control | 184948 |
| 003 - IDENTIFICADOR DE NÚMERO DE CONTROL | |
| campo de control | ES-MaACL |
| 005 - FECHA Y HORA DE LA ÚLTIMA TRANSACCIÓN | |
| campo de control | 20230906222320.0 |
| 008 - DATOS DE LONGITUD FIJA--INFORMACIÓN GENERAL | |
| campo de control de longitud fija | 160225s1866 sp |||| | spa d |
| 245 00 - MENCIÓN DEL TÍTULO | |
| Título | Colección legislativa de Estadistica / |
| Mención de responsabilidad, etc. | publicada por acuerdo de la Dirección General de Estadistica. |
| 260 ## - PUBLICACIÓN, DISTRIBUCIÓN, ETC. | |
| Lugar de publicación, distribución, etc. | Madrid : |
| Nombre del editor, distribuidor, etc. | [s.n.], |
| Fecha de publicación, distribución, etc. | 1866 ( |
| Fabricante | Imp. Europea) |
| 300 ## - DESCRIPCIÓN FÍSICA | |
| Extensión | 469 p. ; |
| Dimensiones | 26 cm. |
| 500 ## - NOTA GENERAL | |
| Nota general | En port.: Comprende un apéndice de las disposiciones no publicadas en el tomo dado á luz en 1862 y todas las leyes, reales decretos y órdenes que á este ramo se refieren desde 1º de Julio de 1862 hasta fin de Junio de 1866. |
| 530 ## - NOTA DISPONIBLE DE FORMULARIO FÍSICO ADICIONAL | |
| Nota de formato físico adicional disponible | Disponible en formato digital. |
| 650 #4 - PUNTO DE ACCESO ADICIONAL DE MATERIA--TÉRMINO DE MATERIA | |
| Término de materia o nombre geográfico como elemento de entrada | Estadística- |
| Subdivisión de forma | Legislación- |
| Subdivisión geográfica | España. |
| 9 (RLIN) | 158863 |
| 852 ## - LOCALIZACIÓN | |
| Ubicación | ES-MaACL |
| Número de control de estantería | C-12808 |
| 856 ## - LOCALIZACIÓN Y ACCESO ELECTRÓNICOS | |
| Identificador Uniforme de Recursos | <a href="http://bdh-rd.bne.es/viewer.vm?id=0000009297&page=1 ">http://bdh-rd.bne.es/viewer.vm?id=0000009297&page=1 </a> |
| Nota pública | Biblioteca Digital Hispánica |
| Estatus retirado | Estado de pérdida | Estado de daño | No para préstamo | Colección | Biblioteca de origen | Biblioteca actual | Ubicación en estantería | Fecha de adquisición | Fuente de adquisición | Total de préstamos | Signatura topográfica completa | Código de barras | Visto por última vez | Precio de reemplazo | Tipo de ítem Koha |
|---|---|---|---|---|---|---|---|---|---|---|---|---|---|---|---|
| Colección digital | Biblioteca del Ateneo de Madrid | Biblioteca del Ateneo de Madrid | Sala Palomar | 25/02/2016 | C-12808 | 1194795 | 23/02/2023 | 23/02/2023 | Libro impreso antiguo |
